| 000 | 00474nam a2200169Ia 4500 | ||
|---|---|---|---|
| 008 | 240830s2010 xx 000 0 und d | ||
| 041 | _aeng | ||
| 082 | _a01/GUP | ||
| 100 | _aGUPTA V IKAS | ||
| 245 | _aCOMDEX COMPUTER COURSE KIT WINDOS XP WITH OFFICE-2007(WITH-C D) | ||
| 250 | _a1 | ||
| 260 |
_aNEW DELHI _bP H I _c2010 |
||
| 300 | _a584p | ||
| 650 | _aCOMPUTER | ||
| 906 | _aCOMDEX COMPUTER COURSE KIT WINDOS XP WITH OFFICE-2007(WITH-C D) | ||
| 999 |
_c1187623 _d1187623 |
||